| 000 | 00328 a2200121 4500 | ||
|---|---|---|---|
| 999 |
_c299710 _d299710 |
||
| 001 | 64637 | ||
| 003 | NUST | ||
| 005 | 20180119095213.0 | ||
| 008 | 180119b xxu||||| |||| 00| 0 eng d | ||
| 082 | _a503 STE | ||
| 100 |
_aVaughan R S _99035 |
||
| 245 |
_aIllustrated science encyclopaedia [vol 6] _nvol. 6 |
||
| 260 |
_aAustin _bRaintree steck-vaugen _c1997 |
||
| 300 |
_a96p. _eCD and one annual book |
||
| 942 |
_aNUST-CAE _cBK _k503.STE _2ddc |
||